[Event "POL-chT9 B5 corr"]
[Site "Poland"]
[Date "1992.??.??"]
[Round "?"]
[White "Bednarski, Lechoslaw"]
[Black "Lechowicz, Jacek"]
[Result "1/2-1/2"]
[WhiteElo "1800"]
[BlackElo "2000"]
[PlyCount "112"]
[EventDate "1992.??.??"]
[EventType "tourn (corr)"]
[EventRounds "11"]
[EventCountry "POL"]
[SourceTitle "Corr 2000"]
[Source "ChessBase"]
[SourceDate "2000.04.19"]
[SourceVersion "1"]
[SourceVersionDate "2000.04.19"]
[SourceQuality "1"]

1. e4 e5 2. Nf3 Nc6 3. Bb5 a6 4. Bxc6 dxc6 5. 0-0 Bg4 6. h3 h5 7. d3 Qf6 8. Nbd2 Ne7 9. Re1 Ng6 10. d4 Bd6 11. hxg4 hxg4 12. Nh2 Rxh2 13. Qxg4 Qh4 14. Qxh4 Rxh4 15. Nf3 Rh8 16. Be3 f6 17. g3 0-0-0 18. Rad1 Rhe8 19. dxe5 Nxe5 20. Nxe5 Bxe5 21. Rxd8+ Kxd8 22. c3 Bd6 23. Bd2 c5 24. Kg2 c4 25. Kf3 Rh8 26. Kg4 Rh2 27. Be3 Ke7 28. Rd1 b5 29. Rd2 Rh1 30. f4 g6 31. Bd4 Ke6 32. Re2 Be7 33. f5+ Kf7 34. e5 gxf5+ 35. Kxf5 Rh5+ 36. Kg4 Rg5+ 37. Kf4 Kg6 38. Kf3 Rf5+ 39. Kg2 c5 40. exf6 Bxf6 41. Bxf6 Rxf6 42. Re5 Rd6 43. Kf3 b4 44. Ke2 Rd3 45. Re3 bxc3 46. bxc3 Rd6 47. g4 Kg5 48. Re4 Rh6 49. Rxc4 Rh2+ 50. Kf3 Rxa2 51. Rxc5+ Kg6 52. Ke3 Rg2 53. g5 Rxg5 54. Kd4 Rg4+ 55. Ke5 a5 56. Rc6+ Kf7 1/2-1/2

[Event "POL-chT9 B5 corr"]
[Site "Poland"]
[Date "1992.??.??"]
[Round "?"]
[White "Kaczynski, Kazimierz"]
[Black "Bednarski, Lechoslaw"]
[Result "1/2-1/2"]
[WhiteElo "2065"]
[BlackElo "1800"]
[PlyCount "89"]
[EventDate "1992.??.??"]
[EventType "tourn (corr)"]
[EventRounds "11"]
[EventCountry "POL"]
[SourceTitle "Corr 2000"]
[Source "ChessBase"]
[SourceDate "2000.04.19"]
[SourceVersion "1"]
[SourceVersionDate "2000.04.19"]
[SourceQuality "1"]

1. d4 Nf6 2. c4 g6 3. Nc3 d5 4. cxd5 Nxd5 5. e4 Nxc3 6. bxc3 Bg7 7. Nf3 c5 8. Rb1 0-0 9. Be2 cxd4 10. cxd4 Qa5+ 11. Qd2 Qxd2+ 12. Bxd2 e6 13. 0-0 b6 14. Rfd1 Bb7 15. d5 exd5 16. exd5 Nd7 17. Bb4 Rfc8 18. Be7 Bf6 19. d6 Kg7 20. Bb5 Nc5 21. d7 Bxe7 22. dxc8Q Rxc8 23. Be2 Rd8 24. Rxd8 Bxd8 25. Nd4 Ne4 26. Bd3 Bf6 27. Bxe4 Bxe4 28. Rd1 a6 29. f3 Bb7 30. Ne6+ Kg8 31. Nd8 Bc8 32. Kf2 Kf8 33. Ke3 a5 34. g4 Bg5+ 35. Ke4 Ke8 36. Nc6 Bb7 37. Rd6 Be7 38. Ke5 Bxd6+ 39. Kxd6 b5 40. Nd4 b4 41. Kc5 g5 42. Kb5 Bd5 43. Kxa5 Bxa2 44. Kxb4 Kd7 45. Kc5 1/2-1/2

[Event "POL-chT9 B5 corr"]
[Site "Poland"]
[Date "1992.??.??"]
[Round "?"]
[White "Odachowski, Marian"]
[Black "Bednarski, Lechoslaw"]
[Result "0-1"]
[WhiteElo "1800"]
[BlackElo "1800"]
[PlyCount "66"]
[EventDate "1992.??.??"]
[EventType "tourn (corr)"]
[EventRounds "11"]
[EventCountry "POL"]
[SourceTitle "Corr 2000"]
[Source "ChessBase"]
[SourceDate "2000.04.19"]
[SourceVersion "1"]
[SourceVersionDate "2000.04.19"]
[SourceQuality "1"]

1. e4 c5 2. Nf3 d6 3. d4 cxd4 4. Nxd4 Nf6 5. Nc3 g6 6. Be3 Bg7 7. f3 0-0 8. Qd2 Nc6 9. Bc4 Bd7 10. h4 Rc8 11. Bb3 h5 12. 0-0-0 Ne5 13. Bg5 Rc5 14. g4 hxg4 15. f4 Nc4 16. Qe2 b5 17. h5 Rxg5 18. fxg5 Nxh5 19. Nf5 e6 20. Nxg7 Qxg5+ 21. Kb1 Ng3 22. Qh2 Nxh1 23. Rxh1 Kxg7 24. Bxc4 bxc4 25. Qh7+ Kf6 26. e5+ Qxe5 27. Qh4+ g5 28. Qxg4 d5 29. Rd1 Rb8 30. Rg1 Ke7 31. Nd1 a5 32. Qf3 a4 33. Nc3 a3 0-1

[Event "POL-chT9 B5 corr"]
[Site "Poland"]
[Date "1992.??.??"]
[Round "?"]
[White "Tupalski, Jan"]
[Black "Bednarski, Lechoslaw"]
[Result "1-0"]
[WhiteElo "2200"]
[BlackElo "1800"]
[PlyCount "91"]
[EventDate "1992.??.??"]
[EventType "tourn (corr)"]
[EventRounds "11"]
[EventCountry "POL"]
[SourceTitle "Corr 2000"]
[Source "ChessBase"]
[SourceDate "2000.04.19"]
[SourceVersion "1"]
[SourceVersionDate "2000.04.19"]
[SourceQuality "1"]

1. e4 c5 2. Nf3 d6 3. d4 cxd4 4. Nxd4 Nf6 5. Nc3 g6 6. Be3 Bg7 7. f3 0-0 8. Qd2 Nc6 9. Bc4 Bd7 10. h4 Rc8 11. Bb3 h5 12. 0-0-0 Ne5 13. Bg5 Rc5 14. g4 hxg4 15. Bxf6 Bxf6 16. h5 g5 17. Nd5 e6 18. Nxf6+ Qxf6 19. fxg4 Rfc8 20. Rhf1 Qe7 21. Kb1 Nc4 22. Qf2 a5 23. c3 a4 24. Bxc4 Rxc4 25. a3 R8c5 26. Rd3 Be8 27. Rf3 Re5 28. Qc2 b5 29. Rh3 Qb7 30. Nf3 Rec5 31. Nd2 Bc6 32. Re3 Rd4 33. Qd1 Rxe4 34. Nxe4 Bxe4+ 35. Ka1 Rd5 36. Qe2 Re5 37. Qd2 Qe7 38. Qd4 f5 39. c4 bxc4 40. Qxc4 Qd7 41. gxf5 Bxf5 42. Rxe5 dxe5 43. Qc1 Qd8 44. Rd1 Bd3 45. Rg1 Kh7 46. Rxg5 1-0